Statistiques concernant Continents en 15 secondes

Cliquez ici pour prendre le quiz!

Statistiques générales

  • Ce quiz a été pris 117 fois
  • Le résultat moyen est 5 sur 7

Statistiques - réponses

IndiceRéponse% Correct
ItalieEurope
99%
ChineAsie
96%
AlgérieAfrique
91%
BrésilAmérique du Sud
72%
CanadaAmérique du Nord
68%
AustralieOcéanie
58%
AntarctiqueAntarctique
20%

Distribution des résultats

Percentile par nombre de réponses

% des personnes avec chaque résultat

Votre développement - résultats

Vous n’avez pas pris ce quiz